Taylor Swift mystery lyrics #42 - Statistics

General Stats
  • This quiz has been taken 301 times
    137 since last reset
  • The average score is 274 of 352
Answer Stats
Answer % Correct
a
98%
I
98%
the
95%
you
92%
You
92%
be
89%
on
89%
and
88%
And
88%
me
88%
when
87%
so
85%
that
85%
to
85%
your
85%
do
84%
she
84%
She
84%
up
84%
who
84%
I'm
82%
like
82%
my
82%
girl
81%
in
81%
it
81%
of
81%
wear
81%
with
81%
one
80%
why
80%
You're
80%
you're
80%
about
79%
all
79%
All
79%
can
79%
is
79%
what
79%
for
78%
it's
78%
she's
78%
She's
78%
time
78%
belong
77%
by
77%
day
77%
know
77%
see
77%
where
77%
can't
76%
get
76%
girlfriend
76%
has
76%
off
76%
phone
76%
said
76%
understands
76%
here
75%
If
75%
something
75%
this
75%
upset
75%
been
74%
Been
74%
bleachers
74%
captain
74%
Captain
74%
cheer
74%
Cheer
74%
doesn't
74%
going
74%
how
74%
night
74%
short
74%
skirts
74%
Think
74%
wears
74%
along
73%
could
73%
whole
73%
Have
72%
kind
72%
light
72%
looking
72%
music
72%
never
72%
not
72%
Tuesday
72%
down
71%
find
71%
humor
71%
listening
71%
T-shirts
71%
typical
71%
wake
71%
room
69%
Dreaming
68%
heels
68%
high
68%
isn't
68%
you've
68%
But
67%
sneakers
67%
town
67%
got
66%
thinking
66%
she'll
65%
smile
65%
while
65%
'cause
64%
seen
64%
story
64%
at
63%
doing
63%
easy
63%
haven't
63%
Hey
63%
jeans
63%
than
63%
myself
62%
since
62%
baby
61%
'bout
61%
brought
61%
laugh
61%
park
61%
say
61%
bench
60%
cry
60%
better
59%
ever
59%
just
59%
middle
59%
tell
59%
favorite
56%
back
55%
dreams
55%
help
55%
songs
55%
worn-out
55%
ought
54%
street
53%
makes
52%
Walk
52%
fine
49%
Oh
49%
thought
49%
door
48%
Laughing
47%
maybe
46%
house
45%
Standing
45%
waiting
45%
driving
38%
remember
37%
No matching quizzes found
Score Distribution
Percent of People with Each Score
Percentile by Number Answered
Your Score History
You have not taken this quiz since the last reset